Mr. Saturday Night Jon Pardi lyrics quiz - Statistics

General Stats
  • This quiz has been taken 49 times
  • The average score is 183 of 262
Answer Stats
Answer % Correct
I
100%
me
100%
Mr.
100%
night
100%
saturday
100%
the
100%
a
94%
call
94%
in
94%
time
94%
go
88%
good
88%
never
88%
that
88%
they
88%
Yeah
88%
yeah
88%
always
81%
drink
81%
how
81%
much
81%
and
75%
dont
75%
im
75%
know
75%
missed
75%
of
75%
smoke
75%
when
75%
wink
75%
em
69%
fine
69%
hear
69%
her
69%
make
69%
smile
69%
think
69%
bar
63%
life
63%
them
63%
this
63%
but
56%
my
56%
guy
50%
thats
50%
whole
50%
act
44%
apart
44%
fall
44%
if
44%
on
44%
say
44%
so
44%
walked
44%
why
44%
comes
38%
it
38%
jealous
38%
only
38%
she
38%
sunday
38%
to
38%
would
38%
you
38%
alone
31%
beautiful
31%
buy
31%
down
31%
dreams
31%
everything
31%
get
31%
had
31%
leave
31%
round
31%
see
31%
shut
31%
up
31%
your
31%
all
25%
kind
25%
light
25%
name
25%
neon
25%
seen
25%
there
25%
they've
25%
was
25%
blame
19%
earned
19%
guess
19%
is
19%
messed
19%
one
19%
going
13%
losing
13%
mind
13%
out
13%
turn
13%
No matching quizzes found
Score Distribution
Percent of People with Each Score
Percentile by Number Answered
Your Score History
You have not taken this quiz